01014nam a2200241Ia 450000500170000000800410001702000150005808200200007310000330009324501620012625000180028830000390030649000260034565000440037165000400041565000670045570000520052226400750057433600270064933700330067633800280070904000350073720220317000805.0160601s1998 ck a g 000 0 spa  a958917705004a026.30563bB31s1 aMontalvo Villegas, Clemencia10aServicios bibliotecarios públicos para el sector ruralbcolecciones ruralescClemencia Montalvo Villegas ; ilustraciones José Carlos Villegas Rodríguez a1a. edición a21 páginasbilustracionesc24 cm aManuales y guíasv6142LEMBaBibliotecas públicaszColombia.142LEMBaBibliotecas ruraleszColombia142LEMBaServicios de consulta (Bibliotecas públicas)zColombia1 aVillegas Rodríguez, José Carloseilustrador aBogotábMinisterio de CulturabBiblioteca Nacional de Colombiac1998 atextobtxt2rdacontent asin mediaciónbn2rdamedia avolumenbnc2rdacarrier aCO-BoRNBPbspaerdacCO-BoRNBP